Capital, entrepreneurs and profits
Αποθηκεύτηκε σε:
| Άλλοι συγγραφείς: | |
|---|---|
| Μορφή: | Βιβλίο |
| Γλώσσα: | English |
| Δημοσίευση: |
London :
Frank Cass,
1990
|
| Θέματα: | |
| Ετικέτες: |
Προσθήκη ετικέτας
Δεν υπάρχουν, Καταχωρήστε ετικέτα πρώτοι!
|
MARC
| LEADER | 00000nam a2200000 i 4500 | ||
|---|---|---|---|
| 001 | 1/62117 | ||
| 008 | 930916s eng d | ||
| 020 | |a 0-7146-3386-0 | ||
| 035 | |a ΛΕΣΒΟΣb10000976 |l 10000976 | ||
| 040 | |a GR-MY-UA |b gre |e aacr | ||
| 041 | 0 | |a eng | |
| 082 | 0 | |a 338.0941 | |
| 245 | 1 | 0 | |a Capital, entrepreneurs and profits / |c Edited by R. P. T. Davenport-Hines ; With an introduction by Theo Barker |
| 260 | |a London : |b Frank Cass, |c 1990 | ||
| 300 | |a 361 p. | ||
| 500 | |a Articles reprinted from the journal business history | ||
| 504 | |a Includes bibliographical references | ||
| 650 | 0 | 0 | |a Business enterprises |z Great Britain |x History |y 19th century. |
| 650 | 0 | 0 | |a Entrepreneurship |z Great Britain |x History |y 19th century. |
| 651 | 0 | |a Great Britain |x Industries |x History |y 19th century. | |
| 700 | 1 | |a Davenport-Hines, R. P. T. |q (Richard Peter Treadwell) |d 1953- |4 edt | |
| 852 | |a INST |b LESVOS |e 19930916 |h 338.0941 CAP |p 005100004234 |q 005100004234 |t BK |y 0 | ||
| 909 | |a Λ |b 023296 | ||